Topology (Record no. 142215)

MARC details
000 -LEADER
fixed length control field 00364nam a2200157Ia 4500
008 - FIXED-LENGTH DATA ELEMENTS--GENERAL INFORMATION
fixed length control field 230917s9999||||xx |||||||||||||| ||und||
040 ## - CATALOGING SOURCE
-- 115922
Original cataloging agency VIVEKANANDA LIBRARY
041 ## - Language
-- English
082 ## - DDC NUMBER
Classification number 514 M925T
100 ## - MAIN ENTRY--PERSONAL NAME
Personal name Munkres, James R
245 #0 - TITLE STATEMENT
Title Topology
250 ## - EDITION STATEMENT
Edition statement 2nd ed.
260 ## - PUBLICATION, DISTRIBUTION, ETC. (IMPRINT)
Place of publication, distribution, etc New Delhi
Name of publisher, distributor, etc Pearson education
Date of publication, distribution, etc 2000
300 ## - PHYSICAL DESCRIPTION
Pages 553 p.
942 ## - ADDED ENTRY ELEMENTS (KOHA)
Koha item type Books
Holdings
Withdrawn status Lost status Damaged status Not for loan Location (home branch) Sublocation or collection (holding branch) Date acquired Koha issues (times borrowed) Koha full call number Accession No. Koha date last seen Koha item type
        VIVEKANANDA LIBRARY VIVEKANANDA LIBRARY 17/05/2008 1 514 M925T 251329 05/09/2024 Books
        VIVEKANANDA LIBRARY VIVEKANANDA LIBRARY 17/05/2008   514 M925T 251330 17/09/2023 Books
        VIVEKANANDA LIBRARY VIVEKANANDA LIBRARY 17/05/2008   514 M925T 251331 17/09/2023 Books
        VIVEKANANDA LIBRARY VIVEKANANDA LIBRARY 17/05/2008   514 M925T 251332 17/09/2023 Books
        VIVEKANANDA LIBRARY VIVEKANANDA LIBRARY 17/05/2008   514 M925T 251333 17/09/2023 Books
        VIVEKANANDA LIBRARY VIVEKANANDA LIBRARY 17/05/2008   514 M925T 251334 17/09/2023 Books
        VIVEKANANDA LIBRARY VIVEKANANDA LIBRARY 17/05/2008   514 M925T 251335 17/09/2023 Books
        VIVEKANANDA LIBRARY VIVEKANANDA LIBRARY 17/05/2008   514 M925T 251336 17/09/2023 Books
        VIVEKANANDA LIBRARY VIVEKANANDA LIBRARY 17/05/2008   514 M925T 251337 17/09/2023 Books
        VIVEKANANDA LIBRARY VIVEKANANDA LIBRARY 17/05/2008 1 514 M925T 251338 20/08/2025 Books
        VIVEKANANDA LIBRARY VIVEKANANDA LIBRARY 17/05/2008   514 M925T 251339 17/09/2023 Books
        VIVEKANANDA LIBRARY VIVEKANANDA LIBRARY 17/05/2008 2 514 M925T 251340 02/09/2025 Books
        VIVEKANANDA LIBRARY VIVEKANANDA LIBRARY 17/05/2008   514 M925T 251341 17/09/2023 Books
        VIVEKANANDA LIBRARY VIVEKANANDA LIBRARY 17/05/2008 1 514 M925T 251342 08/09/2025 Books
        VIVEKANANDA LIBRARY VIVEKANANDA LIBRARY 17/05/2008 2 514 M925T 251343 20/08/2025 Books
        VIVEKANANDA LIBRARY VIVEKANANDA LIBRARY 17/05/2008   514 M925T 251344 17/09/2023 Books
        VIVEKANANDA LIBRARY VIVEKANANDA LIBRARY 17/05/2008 1 514 M925T 251345 18/08/2025 Books
        VIVEKANANDA LIBRARY VIVEKANANDA LIBRARY 17/05/2008   514 M925T 251346 17/09/2023 Books
        VIVEKANANDA LIBRARY VIVEKANANDA LIBRARY 17/05/2008 1 514 M925T 251347 25/10/2024 Books
        VIVEKANANDA LIBRARY VIVEKANANDA LIBRARY 17/05/2008   514 M925T 251348 17/09/2023 Books
© Designed and Maintained by Vivekananda Library, MDU Rohtak